ბათუმის შოთა რუსთაველის სახელმწიფო უნივერსიტეტის ბიბლიოთეკა

Britain and the European Union / (ბიბ.ჩანაწერი № 57976)

000 -LEADER
fixed length control field 00654cam a2200205 i 4500
001 - CONTROL NUMBER
control field 17548830
005 - DATE AND TIME OF LATEST TRANSACTION
control field 20221114112653.0
008 - FIXED-LENGTH DATA ELEMENTS--GENERAL INFORMATION
fixed length control field 121204s2013 enk b 001 0 eng
020 ## - INTERNATIONAL STANDARD BOOK NUMBER
International Standard Book Number 9780230291942x
041 ## - LANGUAGE CODE
Language code of text/sound track or separate title eng
080 ## - UNIVERSAL DECIMAL CLASSIFICATION NUMBER
Universal Decimal Classification number 327.2(4) G-31
100 1# - MAIN ENTRY--PERSONAL NAME
Personal name Geddes, Andrew
Dates associated with a name
9 (RLIN) 11345
245 10 - TITLE STATEMENT
Title Britain and the European Union /
Statement of responsibility, etc. Andrew Geddes.
264 #1 - PRODUCTION, PUBLICATION, DISTRIBUTION, MANUFACTURE, AND COPYRIGHT NOTICE
Place of production, publication, distribution, manufacture Houndmills, Basingstoke, Hampshire :
Name of producer, publisher, distributor, manufacturer Palgrave Macmillan,
Date of production, publication, distribution, manufacture, or copyright notice 2013.
300 ## - PHYSICAL DESCRIPTION
Extent 288 pages ;
Dimensions 23 cm.
653 ## - INDEX TERM--UNCONTROLLED
keyword Britain in the European Union
653 ## - INDEX TERM--UNCONTROLLED
keyword ბრიტანეთი ევროკავშირში
653 ## - INDEX TERM--UNCONTROLLED
keyword პოლიტიკა
942 ## - ADDED ENTRY ELEMENTS (KOHA)
Source of classification or shelving scheme
Koha item type წიგნი
ეგზემპლარები
Withdrawn status Lost status Source of classification or shelving scheme Damaged status Not for loan Permanent Location Current Location Shelving location Date acquired Cost, normal purchase price Full call number Barcode Date last seen Copy number Price effective from Koha item type Public note
          ბათუმის შოთა რუსთაველის სახელმწიფო უნივერსიტეტის მთავარი ბიბლიოთეკა ბათუმის შოთა რუსთაველის სახელმწიფო უნივერსიტეტის მთავარი ბიბლიოთეკა წიგნსაცავი 2021-04-14 90.00 327.2(4) G-31 54187 2021-04-14 54187 2021-04-14 წიგნი 93.00 GEL.
          ბათუმის შოთა რუსთაველის სახელმწიფო უნივერსიტეტის მთავარი ბიბლიოთეკა ბათუმის შოთა რუსთაველის სახელმწიფო უნივერსიტეტის მთავარი ბიბლიოთეკა წიგნსაცავი 2021-04-14 90.00 327.2(4) G-31 54199 2021-04-14 54199 2021-04-14 წიგნი 90.00 GEL.